| 000 | 00469nam a2200181Ia 4500 | ||
|---|---|---|---|
| 003 | GCL | ||
| 008 | 140319s9999 xx 000 0 ara d | ||
| 040 |
_aGCL / _cGCL |
||
| 082 | 0 | 4 |
_a149.7 _bن ا |
| 100 | 1 | _aنظمى لوقا | |
| 245 | 1 | 0 |
_aالالوهيةومحاكمة العقل / _cنظمى لوقا |
| 300 | _a195 ص | ||
| 490 | _a | ||
| 650 | 0 | 4 | _aالفلسفة |
| 650 | 0 | 4 | _aالفلسفة العقلية |
| 650 | 0 | 4 | _aالالوهية |
| 942 |
_2ddc _cBK |
||
| 999 |
_c44408 _d44408 |
||